000 00813cam a2200265 4500
008 090401t1994 xxu||||| |||| 00| 0 eng d
020 _a0102379947
035 _a(Sirsi) u36047
041 _aeng
050 _a639.9
110 _aUnited Kingdom
_bNational Audit Office
_91350
245 _aReport by the Comptroller and Auditor General: protecting and managing sites of special scientific interest in England ... May 1994.
260 _aLondon
_bHMSO
_c1994
300 _a49p. : ill. ; 30cm.
350 _a8.95
490 _aHCP
_v379
650 _aENGLISH NATURE
650 _aMANAGEMENT
650 _aNATIONAL NATURE RESERVES
650 _aSITES OF SPECIAL SCIENTIFIC INTEREST
650 _aSITES OF SPECIAL SCIENTIFIC INTEREST
690 _aCONSERVATION
942 _n0
948 _c04/03/1997
999 _c90177
_d90177